<?xml version="1.0" encoding="UTF-8"?>
<collection xmlns="http://www.loc.gov/MARC21/slim">
<record>
  <controlfield tag="001">7531</controlfield>
  <controlfield tag="005">20250204120106.0</controlfield>
  <datafield tag="024" ind1="7" ind2=" ">
    <subfield code="a">10.1017/S1743921323004957</subfield>
    <subfield code="2">DOI</subfield>
  </datafield>
  <datafield tag="037" ind1=" " ind2=" ">
    <subfield code="a">SCART-2025-0119</subfield>
  </datafield>
  <datafield tag="100" ind1=" " ind2=" ">
    <subfield code="a">Hakim, Kaustubh</subfield>
  </datafield>
  <datafield tag="245" ind1=" " ind2=" ">
    <subfield code="a">Positive Weathering Feedback Compensates Carbonates at Shallow Ocean Depths</subfield>
  </datafield>
  <datafield tag="260" ind1=" " ind2=" ">
    <subfield code="c">2024</subfield>
  </datafield>
  <datafield tag="520" ind1=" " ind2=" ">
    <subfield code="a">Continental silicate weathering and seafloor carbonate precipitation are key steps in the carbonate-silicate cycle to draw down CO2. Contrary to the classic understanding of negative feedback, silicate weathering can exhibit positive feedback at high temperatures. Taking into account this positive feedback, the compensation depth (CCD) in exoplanet oceans becomes shallower, implying a potential instability in the carbonate-silicate cycle at high temperatures.</subfield>
  </datafield>
  <datafield tag="536" ind1=" " ind2=" ">
    <subfield code="a">FED-tWIN/</subfield>
    <subfield code="c">STELLA/</subfield>
    <subfield code="f">Prf-2021-022</subfield>
  </datafield>
  <datafield tag="594" ind1=" " ind2=" ">
    <subfield code="a">NO</subfield>
  </datafield>
  <datafield tag="773" ind1=" " ind2=" ">
    <subfield code="p">Proceedings of the International Astronomical Union</subfield>
    <subfield code="v">382</subfield>
    <subfield code="y">2024</subfield>
    <subfield code="n">Complex Planetary Systems II: Latest Methods for an Interdisciplinary Approach</subfield>
    <subfield code="c">123-125</subfield>
  </datafield>
  <datafield tag="856" ind1="0" ind2=" ">
    <subfield code="f">kaustubh.hakim@ksb-orb.be</subfield>
  </datafield>
  <datafield tag="856" ind1="4" ind2="2">
    <subfield code="a">https://doi.org/10.1017/S1743921323004957</subfield>
  </datafield>
  <datafield tag="856" ind1="4" ind2=" ">
    <subfield code="s">279217</subfield>
    <subfield code="u">http://publi2-as.oma.be/record/7531/files/Hakim2024IAUProceedings.pdf</subfield>
  </datafield>
  <datafield tag="856" ind1="4" ind2=" ">
    <subfield code="s">19899</subfield>
    <subfield code="u">http://publi2-as.oma.be/record/7531/files/Hakim2024IAUProceedings.gif?subformat=icon</subfield>
    <subfield code="x">icon</subfield>
  </datafield>
  <datafield tag="856" ind1="4" ind2=" ">
    <subfield code="s">23770</subfield>
    <subfield code="u">http://publi2-as.oma.be/record/7531/files/Hakim2024IAUProceedings.jpg?subformat=icon-180</subfield>
    <subfield code="x">icon-180</subfield>
  </datafield>
  <datafield tag="905" ind1=" " ind2=" ">
    <subfield code="a">published in</subfield>
  </datafield>
  <datafield tag="980" ind1=" " ind2=" ">
    <subfield code="a">NONREF</subfield>
  </datafield>
</record>
</collection>